000 01006nam a22002657a 4500
005 20170124103053.0
010 _aB-070671
020 _c125.00
_a0188028029
035 _aB-070671
037 _bCen Lib/Ret
040 _aDPL
_bHN
082 _a
_bअहम
100 _aअहमद अब्बास
_971074
245 _aदो हाथ /
_cअहमद अब्बास; अनुवादक एम.नसीम
246 _aDo haath /
_bby Ahmad Abbas; anuvadak M. Naseem
260 _aदिल्ली
_bनवप्रभात साहित्य
_c2002
270 _aसी-8/174, यमुना विहार
_bदिल्ली
_e110053
300 _a103पृ.
_c21सेमी (सजिल्द)
650 _aउर्दू साहित्य
_971075
650 _aकहानियां
_971076
650 _aUrdu literature
_971077
650 _aStories
_97500
700 _aनसीम, एम.
_914217
942 _2ddc
_cHN
_h
_mअहम
999 _c117269
_d117269